Statistics for Is__a country? #5

Click here to take the quiz!

General Stats

  • This quiz has been taken 49 times
  • The average score is 15 of 15

Answer Stats

QuestionAnswer% Correct
Is the Pacific Ocean a Country?No
100%
Is Lisbon a Country?No
100%
Is Motor Vehicle Liability Insurance A Country?No
100%
Is Panama A Country?Yes
100%
Is Austria a country?Yes
100%
Is Tajikistan a Country?Yes
100%
Is Cabinda a country?No
98%
Is Norway a Country?Yes
98%
Is The Philippines a Country?Yes
98%
Is Chad a Country?Yes
98%
Is Amsterdam a country?No
96%
Is The equator a country?No
96%
Is Azerbaijan a Country?Yes
96%
Is Mauritius A Country?Yes
92%
Is kiribati a country?Yes
90%

Score Distribution

Percentile by Number Answered

Percent of People with Each Score

Your Score History

You have not taken this quiz